[Event "AUTO-ADV-3986"]
[Site "http://www.queenalice.com/game.php?id=1518105"]
[Date "2018.3.2"]
[Round "1"]
[White "Kkaio77"]
[Black "Pin"]
[Result "1-0"]
[WhiteElo "1882"]
[BlackElo "1973"]

1. e4 c5 2. Nf3 d6 3. d4 cxd4 4. Nxd4 Nf6 5. Nc3 a6 6. Be3 g6 7. f3 Bg7 8. Qd2
O-O 9. O-O-O Nc6 10. Kb1 Bd7 11. g4 Rc8 12. h4 Ne5 13. Be2 Nc4 14. Bxc4 Rxc4 15.
h5 gxh5 16. gxh5 h6 17. Bxh6 Rxc3 18. Bxg7 Kxg7 19. Qxc3 Kh7 20. Rdg1 Rg8 21.
Qc4 e6 22. Qd3 Kh8 23. f4 Rxg1+ 24. Rxg1 e5 25. fxe5 dxe5 26. Qg3 Qg8 27. Qh2
Ng4 28. Rxg4 Qxg4 29. Qxe5+ Kh7 30. b3 Qd1+ 31. Kb2 Bg4 32. Qf6 Bxh5 33. Nf5 Qg1
34. Qh6+ Kg8 35. Ne7# 1-0

[Event "AUTO-ADV-3986"]
[Site "http://www.queenalice.com/game.php?id=1518114"]
[Date "2018.3.2"]
[Round "1"]
[White "talisman77"]
[Black "Kkaio77"]
[Result "0-1"]
[WhiteElo "1806"]
[BlackElo "1899"]

1. d4 d5 2. c4 e6 3. Nc3 Nf6 4. Nf3 Be7 5. e3 Nbd7 6. c5 O-O 7. Bb5 c6 8. Ba4
Re8 9. O-O Qc7 10. b4 e5 11. Re1 e4 12. Nd2 Nf8 13. b5 Ng4 14. g3 h5 15. bxc6
bxc6 16. Nb3 h4 17. Ne2 Ng6 18. Nc3 hxg3 19. fxg3 Nh4 20. Qe2 Nf3+ 21. Kh1 Nxe1
22. Qxe1 Bg5 23. Nxd5 Qd7 24. Na5 Qxd5 25. Bxc6 Qf5 26. Bxa8 Qf3+ 27. Kg1 Nxe3
28. Qf2 Qd1+ 0-1

[Event "AUTO-ADV-3986"]
[Site "http://www.queenalice.com/game.php?id=1518115"]
[Date "2018.3.2"]
[Round "1"]
[White "Kkaio77"]
[Black "talisman77"]
[Result "1-0"]
[WhiteElo "1911"]
[BlackElo "1793"]

1. e4 c5 2. Nf3 d6 3. d4 e5 4. d5 Nf6 5. Nc3 Be7 6. Be2 O-O 7. O-O a6 8. Bg5
Nbd7 9. h3 Nh5 10. Bxe7 Qxe7 11. Nxe5 Nhf6 12. Nxd7 Bxd7 13. Bd3 b5 14. Re1 c4
15. Bf1 Rfe8 16. a3 Rac8 17. Qd4 Qd8 18. e5 dxe5 19. Rxe5 Rxe5 20. Qxe5 Kf8 21.
Be2 Qc7 22. d6 Qb7 23. Bf3 Bc6 24. Bxc6 Rxc6 25. Rd1 Qd7 26. g4 Ne8 27. Ne4 f6
28. Qf4 a5 29. Kh2 b4 30. axb4 axb4 31. Kg3 c3 32. b3 h6 33. h4 Kf7 34. Rd4 Rb6
35. Nc5 Qd8 36. d7 Rc6 37. Nb7 Nc7 38. Nxd8+ Ke7 39. Qe4+ Re6 40. Nxe6 1-0

[Event "OS INCLIVES"]
[Site "http://www.queenalice.com/game.php?id=1520726"]
[Date "2018.3.22"]
[Round "-"]
[White "adelio"]
[Black "Kkaio77"]
[Result "0-1"]
[WhiteElo "1692"]
[BlackElo "1891"]

1. d4 d5 2. e4 dxe4 3. Nc3 Nf6 4. f3 exf3 5. Nxf3 Nc6 6. Be3 Bg4 7. h3 Bf5 8. g4
Bg6 9. Bc4 e6 10. O-O Qd7 11. Qe2 O-O-O 12. Bb5 Qd6 13. Bxc6 Qxc6 14. Ne5 Qb6
15. Qb5 Qxb5 16. Nxb5 Bxc2 17. Nxa7+ Kb8 18. d5 Nxd5 19. Nec6+ bxc6 20. Nxc6+
Kc8 21. Ba7 Rd6 22. Ne5 Bg6 23. Nxf7 Bxf7 24. Rxf7 Ra6 25. Bf2 g5 26. a3 Nf4 27.
Kh2 Bd6 28. Bg3 h5 29. Rc1 h4 30. Bxf4 Bxf4+ 31. Kg2 Bxc1 32. Rf2 e5 33. Rc2 Bf4
34. Rc3 e4 35. b4 e3 36. Kf3 Re8 37. Ke2 Rd6 38. Rd3 Rxd3 39. Kxd3 e2 0-1

[Event "OS INCLIVES"]
[Site "http://www.queenalice.com/game.php?id=1520728"]
[Date "2018.3.22"]
[Round "-"]
[White "Kkaio77"]
[Black "adelio"]
[Result "0-1"]
[WhiteElo "1920"]
[BlackElo "1604"]

1. e4 a6 2. d4 c5 3. d5 e5 4. Nf3 d6 5. Be2 Be7 6. O-O h5 7. Nbd2 b5 8. c4 Nh6
9. cxb5 Nd7 10. bxa6 Ng4 11. Nc4 h4 12. h3 Nxf2 13. Rxf2 Nf8 14. Ne3 Ng6 15. Nf5
Nf4 16. Bxf4 exf4 17. Bb5+ Kf8 18. Qe2 Bf6 19. Bc6 Ra7 20. Nd2 Bxa6 21. Qg4 g6
22. Rxf4 gxf5 23. Qxf5 Bd4+ 24. Kh1 Be5 25. Rf3 Bc8 26. Bd7 Rxd7 27. Rf2 Rb7 28.
Qg6 Ke8 0-1

[Event "Challenge"]
[Site "http://www.queenalice.com/game.php?id=1527174"]
[Date "2018.5.13"]
[Round "-"]
[White "Kkaio77"]
[Black "Equiferus"]
[Result "0-1"]
[WhiteElo "1952"]
[BlackElo "1879"]

1. d4 f5 2. c4 Nf6 3. Nc3 g6 4. Bf4 a6 5. Nf3 Bg7 6. e3 O-O 7. Bd3 d6 8. O-O Be6
9. d5 Bf7 10. Qb3 b6 11. e4 fxe4 12. Nxe4 Nxe4 13. Bxe4 Nd7 14. Be3 Rb8 15. Bd4
Nc5 16. Qe3 Nxe4 17. Qxe4 Bf6 18. Bxf6 exf6 19. Nd4 Qd7 20. Nc6 Rbe8 21. Qf4 Qf5
22. Qxf5 gxf5 23. Rfe1 Re4 24. b3 h5 25. f3 Rxe1+ 26. Rxe1 Kh7 27. h4 Be8 28.
Nd4 Kg6 29. Re7 b5 30. Rxc7 bxc4 31. bxc4 a5 32. Nb5 Bxb5 33. cxb5 Rb8 34. Rc6
Rxb5 35. Rxd6 Kf7 36. a4 Rb4 37. Rd7+ Ke8 38. Ra7 Rxa4 39. Kh2 Rxh4+ 0-1

[Event "copa america-2"]
[Site "http://www.queenalice.com/game.php?id=1550705"]
[Date "2018.11.26"]
[Round "2"]
[White "Kkaio77"]
[Black "BALASH"]
[Result "1-0"]
[WhiteElo "1949"]
[BlackElo "1469"]

1. e4 e5 2. Nf3 Nc6 3. Bb5 Bd6 4. O-O Nf6 5. Re1 h6 6. c3 a6 7. Ba4 b5 8. Bc2
Bc5 9. d4 exd4 10. cxd4 Bb4 11. Nc3 O-O 12. a3 Bxc3 13. bxc3 d6 14. Qd3 Na5 15.
e5 g6 16. exf6 Qxf6 17. Bxh6 Bf5 18. Qd1 Bxc2 19. Qxc2 Nc4 20. Bxf8 Rxf8 21. Re2
Qd8 22. Rae1 Nxa3 23. Qa2 Nc4 24. Qxa6 Nb6 25. Qxb5 Kg7 26. Re7 Nc8 27. Rd7 Qf6
28. Qg5 Qxg5 29. Nxg5 Nb6 30. Rxc7 Nd5 31. Rc6 Nf4 32. Rxd6 Nd3 33. Re7 Nf4 34.
g3 Nd3 35. c4 Nb4 36. c5 Nc2 37. c6 Nb4 38. c7 Na2 39. Rd8 Nb4 40. Rxf8 Nd5 41.
Rexf7+ Kh6 42. f4 Ne3 43. Rh8# 1-0

[Event "copa america-2"]
[Site "http://www.queenalice.com/game.php?id=1556475"]
[Date "2019.1.13"]
[Round "3"]
[White "leduar"]
[Black "Kkaio77"]
[Result "0-1"]
[WhiteElo "2169"]
[BlackElo "2022"]

1. e4 e5 2. Nf3 Nc6 3. Bb5 Nf6 4. Qe2 d6 5. c3 a6 6. Ba4 b5 7. Bb3 Bg4 8. h3 Bh5
9. O-O Be7 10. d3 O-O 11. Nbd2 h6 12. Rd1 Qc8 13. Nf1 a5 14. Ng3 Bg6 15. Nh4 Bh7
16. Nhf5 Bd8 17. Qf3 a4 18. Bd5 Nxd5 19. exd5 Ne7 20. Nxh6+ gxh6 21. Bxh6 Re8
22. Nh5 Nf5 23. Qg4+ Bg6 24. Re1 Nxh6 25. Qg3 Qf5 26. Nf4 Be7 27. Nxg6 Qxg6 28.
Qf3 Nf5 29. Re4 Kf8 30. g4 Nh4 31. Qg3 Bg5 32. Rae1 Ke7 33. f4 Bxf4 34. Rxf4 Kd7
35. Rf2 Qh7 36. Ref1 Rf8 37. g5 Ng6 38. Qg4+ Ke7 39. c4 Nf4 40. Kh2 Qxd3 41.
cxb5 Rh8 42. Rxf4 exf4 43. Re1+ Kf8 44. h4 f3 45. Kg3 Qxd5 46. g6 fxg6 47. Qd7
Qf7 48. Qc6 Re8 49. Rf1 Re3 50. b6 Rxh4 51. bxc7 Qf4+ 52. Kf2 Re2+ 53. Kg1 Qh2#
0-1

[Event "AUTO-ADV-3986"]
[Site "http://www.queenalice.com/game.php?id=1556764"]
[Date "2019.1.15"]
[Round "2"]
[White "Kkaio77"]
[Black "Fauquinelle"]
[Result "1-0"]
[WhiteElo "2003"]
[BlackElo "1995"]

1. e4 e5 2. Nf3 Nc6 3. Bb5 a6 4. Ba4 Nf6 5. d3 b5 6. Bb3 Be7 7. O-O d6 8. c3 Na5
9. Bc2 c5 10. Nbd2 Nc6 11. Re1 O-O 12. Nf1 Bg4 13. h3 Be6 14. Ng3 Qd7 15. Nh4
Bxh3 16. gxh3 Qxh3 17. Nhf5 Ng4 18. Nxe7+ Nxe7 19. Qf3 Qh2+ 20. Kf1 f5 21. Qg2
Qxg2+ 22. Kxg2 f4 23. Nf5 Nxf5 24. exf5 Rxf5 25. Kf3 Rg5 26. d4 cxd4 27. cxd4 h5
28. Bd2 Rf5 29. Bxf5 1-0

[Event "AUTO-ADV-3986"]
[Site "http://www.queenalice.com/game.php?id=1556765"]
[Date "2019.1.15"]
[Round "2"]
[White "Fauquinelle"]
[Black "Kkaio77"]
[Result "0-1"]
[WhiteElo "2000"]
[BlackElo "1986"]

1. e4 e5 2. Nf3 Nc6 3. Bc4 Be7 4. d4 exd4 5. Nxd4 Ne5 6. Bb3 d6 7. Be3 Nf6 8.
Nc3 O-O 9. h3 Bd7 10. Qd2 Rc8 11. Nf5 Bxf5 12. exf5 Qd7 13. g4 Nf3+ 0-1

[Event "AUTO-ADV-3986"]
[Site "http://www.queenalice.com/game.php?id=1556766"]
[Date "2019.1.15"]
[Round "2"]
[White "Kkaio77"]
[Black "jupar"]
[Result "1-0"]
[WhiteElo "1967"]
[BlackElo "2049"]

1. e4 e5 2. Nf3 Nc6 3. Bb5 Nf6 4. O-O Bc5 5. c3 d6 6. d4 exd4 7. cxd4 Bb4 8. a3
Ba5 9. b4 Bb6 10. d5 a6 11. Ba4 O-O 12. dxc6 Nxe4 13. Qd5 Nf6 14. cxb7 Nxd5 15.
bxa8=Q Nf6 16. Bg5 h6 17. Be3 Bxe3 18. fxe3 Qe7 19. Qa7 Ng4 20. Nc3 c5 21. Qxe7
1-0

[Event "AUTO-ADV-3986"]
[Site "http://www.queenalice.com/game.php?id=1556767"]
[Date "2019.1.15"]
[Round "2"]
[White "jupar"]
[Black "Kkaio77"]
[Result "1/2-1/2"]
[WhiteElo "2055"]
[BlackElo "2019"]

1. e4 e5 2. Nf3 Nc6 3. d4 exd4 4. Nxd4 Bc5 5. c3 Qh4 6. Be2 Qxe4 7. O-O Nxd4 8.
cxd4 Qxd4 9. Bg4 Qxd1 10. Rxd1 d6 11. Re1+ Kd8 12. Bf3 c6 13. Nc3 d5 14. Bf4 Be6
15. Na4 Be7 16. b3 Nf6 17. h3 Kd7 18. Rac1 b6 19. Rc2 Bd6 20. Bxd6 Kxd6 21. Rec1
Rac8 22. b4 Bf5 23. Rd2 Be4 24. Be2 Rhd8 25. Nc3 Bf5 26. Bf3 Kc7 27. b5 d4 28.
Ne2 d3 29. Rxc6+ Kd7 30. Ng3 Bg6 31. Rxc8 Rxc8 32. Bg4+ Nxg4 33. hxg4 Rc2 34.
Nf1 Kd6 35. f3 Kc5 36. Kf2 Kxb5 37. Ke3 Kb4 38. f4 f6 39. f5 Bf7 40. a3+ Kc4 41.
Rxd3 Bd5 42. Nd2+ Kc5 43. g3 b5 44. Nb3+ Bxb3 45. Rxb3 Rc4 46. Kf3 Rd4 47. Rc3+
Kb6 48. Re3 Rd7 49. Kf4 h6 50. Re6+ Ka5 51. Re4 a6 52. Ke3 Kb6 53. Re6+ Kb7 54.
Ke4 a5 55. Ke3 Ka7 56. Rc6 b4 57. axb4 axb4 58. Rc2 Kb6 59. Rc1 Kb5 60. Ke4 b3
61. Ke3 Kb4 62. Rc8 Ka3 63. Ra8+ Kb2 64. Rb8 Rc7 65. Kd2 Rc3 66. Rb7 Rxg3 67.
Rxg7 Rg2+ 68. Kd3 Kb1 69. Rg6 b2 70. Rxf6 Rxg4 71. Rxh6 Rf4 72. Rf6 Rb4 73. Rh6
Rb3+ 74. Ke4 Ka2 75. Rh2 Ka3 76. Rxb2 Rxb2 77. Ke5 Kb4 78. f6 Rf2 1/2-1/2

[Event "AUTO-MASTER-2817"]
[Site "http://www.queenalice.com/game.php?id=1561500"]
[Date "2019.2.19"]
[Round "1"]
[White "Artking"]
[Black "Kkaio77"]
[Result "1/2-1/2"]
[WhiteElo "2125"]
[BlackElo "2111"]

1. d4 d5 2. c4 e6 3. Nc3 Nf6 4. Nf3 Be7 5. e3 O-O 6. Bd3 Nbd7 7. O-O a6 8. cxd5
Nxd5 9. Ne4 N7f6 10. Ng3 c5 11. Ne5 cxd4 12. exd4 Bd7 13. Nxd7 Qxd7 14. Bg5 Rac8
15. Rc1 Rxc1 16. Bxc1 Rc8 17. a3 Bd6 18. f4 Qc7 19. Qf3 Qb6 20. Ne2 Ne7 21. Be3
Qc6 22. Qh3 Qd5 23. g4 Ng6 24. g5 Nd7 25. Nc3 Qc6 26. Rc1 Qb6 27. d5 Bc5 28.
Bxc5 Nxc5 29. Kf1 Nxd3 30. Qxd3 Nxf4 31. Qd2 Nxd5 32. Nxd5 Rxc1+ 33. Qxc1 Qb5+
34. Kf2 g6 35. Qc8+ Kg7 36. Qc3+ Kg8 37. Qc8+ Kg7 38. Qc3+ Kg8 1/2-1/2

[Event "AUTO-MASTER-2817"]
[Site "http://www.queenalice.com/game.php?id=1561501"]
[Date "2019.2.19"]
[Round "1"]
[White "Kkaio77"]
[Black "Artking"]
[Result "1-0"]
[WhiteElo "2044"]
[BlackElo "2074"]

1. e4 d6 2. d4 Nf6 3. Nc3 g6 4. Nf3 Nbd7 5. Bg5 Bg7 6. Bd3 c6 7. O-O O-O 8. Qd2
e5 9. Rad1 Qe8 10. Rfe1 Nh5 11. d5 c5 12. Nb5 f6 13. Nxd6 Qe7 14. Nxc8 Raxc8 15.
Bh6 Nf4 16. Bxf4 exf4 17. Qxf4 Ne5 18. Nxe5 fxe5 19. Qd2 c4 20. Be2 Qh4 21. Bf1
c3 22. bxc3 Bh6 23. Qe2 Rxc3 24. d6 Bg5 25. g3 Qh6 26. d7 Bd8 27. Qd2 a6 28.
Qxh6 1-0

[Event "AUTO-MASTER-2817"]
[Site "http://www.queenalice.com/game.php?id=1561514"]
[Date "2019.2.19"]
[Round "1"]
[White "ymfrancois"]
[Black "Kkaio77"]
[Result "0-1"]
[WhiteElo "2020"]
[BlackElo "2101"]

1. d4 d5 2. Bf4 Nf6 3. e3 c5 4. dxc5 e6 5. b4 Nc6 6. a3 Be7 7. Nf3 O-O 8. Ne5
Ne4 9. Bd3 Nxe5 10. Bxe5 Bf6 11. Bxf6 Qxf6 12. Bxe4 Qxa1 13. Bd3 Bd7 14. O-O Qf6
15. c3 b6 16. cxb6 axb6 17. b5 Ra5 18. a4 Rfa8 19. Bc2 Rc8 20. Qd4 Qxd4 21. exd4
f6 22. Bb3 Kf8 23. h3 Ke7 24. Re1 Kd6 25. Re3 e5 26. dxe5+ fxe5 27. Nd2 Raa8 28.
Nf3 Re8 29. Ng5 Be6 30. Nxe6 Rxe6 31. Rd3 Re7 32. Bxd5 Rd8 33. Bb3+ Kc7 34. Re3
Rd2 35. c4 Kd6 36. Kf1 Kc5 37. Re1 Rb2 38. Bd1 Kxc4 39. Be2+ Kb4 40. Bd1 Rb1 41.
Bc2 Rxe1+ 42. Kxe1 Rc7 43. Bd1 Rc1 44. Ke2 Rxd1 45. Kxd1 Kxa4 46. Kd2 Kxb5 0-1

[Event "AUTO-MASTER-2817"]
[Site "http://www.queenalice.com/game.php?id=1561515"]
[Date "2019.2.19"]
[Round "1"]
[White "Kkaio77"]
[Black "ymfrancois"]
[Result "1-0"]
[WhiteElo "2087"]
[BlackElo "2034"]

1. e4 e5 2. Nf3 Nf6 3. Bc4 Bc5 4. O-O d6 5. Nc3 c6 6. d4 Bxd4 7. Nxd4 exd4 8.
Qxd4 c5 9. Qd3 Ng4 10. Bf4 Nd7 11. Qxd6 Qf6 12. Qxf6 gxf6 13. Nd5 Nge5 14. Nc7+
Kd8 15. Nxa8 Nxc4 16. Nc7 Nxb2 17. Nb5 Ne5 18. Nd6 Rf8 19. Rab1 Kd7 20. Nxc8
Rxc8 21. Rxb2 Kc6 22. Rd1 Re8 23. f3 Nc4 24. Rb3 Re7 25. Rd8 b5 26. Rbd3 Re6 27.
R8d7 Kb6 28. Rxf7 Ne5 29. Bxe5 fxe5 30. Rxh7 a6 31. h4 c4 32. Rd5 Ka5 33. g4 Kb4
34. g5 Kc3 35. h5 Kxc2 36. g6 Kb2 37. g7 Re8 38. Rh8 1-0

[Event "AUTO-MASTER-2817"]
[Site "http://www.queenalice.com/game.php?id=1561524"]
[Date "2019.2.19"]
[Round "1"]
[White "Kkaio77"]
[Black "JailtonMaster"]
[Result "1-0"]
[WhiteElo "2073"]
[BlackElo "2013"]

1. e4 d5 2. exd5 Qxd5 3. Nc3 Qd8 4. Nf3 Nf6 5. d4 e6 6. Bg5 Be7 7. Bc4 c6 8. O-O
O-O 9. Qe2 b5 10. Bd3 Bb7 11. Rad1 Nbd7 12. Rfe1 a5 13. Ne5 Nxe5 14. dxe5 Nd5
15. Bxe7 Qxe7 16. Ne4 Nf4 17. Qe3 Nxd3 18. Rxd3 Rad8 19. Nd6 Ba8 20. Red1 Rd7
21. Nf5 exf5 22. Rxd7 Qb4 23. e6 fxe6 24. Qxe6+ Kh8 25. Rxg7 Qxb2 26. Rf7 1-0

[Event "AUTO-MASTER-2817"]
[Site "http://www.queenalice.com/game.php?id=1561525"]
[Date "2019.2.19"]
[Round "1"]
[White "JailtonMaster"]
[Black "Kkaio77"]
[Result "0-1"]
[WhiteElo "1953"]
[BlackElo "2061"]

1. d4 d5 2. c4 e6 3. Nf3 Nf6 4. e3 Be7 5. Be2 O-O 6. O-O Nbd7 7. Nc3 a6 8. Qc2
dxc4 9. Bxc4 b5 10. Be2 c5 11. dxc5 Nxc5 12. Rd1 Qc7 13. a3 Bb7 14. b4 Nce4 15.
Bb2 Rac8 16. Rac1 Nd6 17. Nd4 Nc4 18. Bxc4 Qxc4 19. Qd2 Rfd8 20. Ncxb5 Qd5 0-1

[Event "copa america-2"]
[Site "http://www.queenalice.com/game.php?id=1569585"]
[Date "2019.5.3"]
[Round "4"]
[White "Mulder"]
[Black "Kkaio77"]
[Result "1-0"]
[WhiteElo "2581"]
[BlackElo "2111"]

1. d4 Nf6 2. c4 d6 3. Nc3 g6 4. e4 Bg7 5. Nf3 O-O 6. Be2 Nbd7 7. O-O e5 8. d5
Ne8 9. Bg5 f6 10. Bh4 Qe7 11. Nd2 Qf7 12. b4 f5 13. exf5 1-0